[Event "C.to Italiano di Categoria C"]
[Site "Civitanova Marche ITA"]
[Date "2012.07.20"]
[Round "6"]
[White "Battistelli, Alessandro"]
[Black "Cocconcelli, Lorenzo"]
[WhiteElo "1963"]
[BlackElo "1994"]
[Result "1-0"]
[PlyCount "63"]
[EventDate "2012.07.15"]

1. d4 d5 2. c4 c6 3. e3 Nf6 4. Nf3 e6 5. Nc3 Nbd7 6. Qc2 b6 7. cxd5 exd5 8. Be2
Bb7 9. O-O Be7 10. Rd1 O-O 11. b3 Rc8 12. Bb2 Re8 13. Ne5 Nxe5 14. dxe5 Nd7 15.
Bd3 h6 16. Bf5 Bf8 17. f4 Bc5 18. Qe2 b5 19. Rac1 Rc7 20. Ne4 dxe4 21. Rxc5 Qe7
22. Rc2 Nb6 23. Bxe4 Nd5 24. f5 Nb4 25. f6 Qf8 26. fxg7 Qe7 27. Rcd2 c5 28.
Bxb7 Rxb7 29. a3 Nc6 30. Rd6 Nxe5 31. Rxh6 Kxg7 32. Qh5 1-0

[Event "C.to Italiano di Categoria C"]
[Site "Civitanova Marche ITA"]
[Date "2012.07.20"]
[Round "6"]
[White "Benenati, Gianfranco"]
[Black "Medorini, Massimiliano"]
[WhiteElo "1916"]
[BlackElo "1884"]
[Result "1/2-1/2"]
[PlyCount "114"]
[EventDate "2012.07.15"]

1. e4 e5 2. Nf3 Nc6 3. Bb5 a6 4. Ba4 Nf6 5. O-O b5 6. Bb3 Bc5 7. d3 d6 8. h3 h6
9. Nc3 O-O 10. Be3 Nd4 11. Bxd4 Bxd4 12. Nxd4 exd4 13. Nd5 Re8 14. a4 Be6 15.
Nxf6+ Qxf6 16. Bxe6 fxe6 17. f4 d5 18. e5 Qh4 19. Kh2 Rf8 20. g3 Qe7 21. Qd2 b4
22. g4 b3 23. cxb3 g5 24. fxg5 Qxg5 25. Qxg5+ hxg5 26. b4 Rab8 27. Rxf8+ Rxf8
28. Kg2 Rb8 29. b5 axb5 30. a5 b4 31. a6 Ra8 32. a7 c5 33. b3 c4 34. bxc4 dxc4
35. dxc4 b3 36. Rb1 Rxa7 37. Rxb3 Ra2+ 38. Kf3 Rc2 39. Ke4 Rxc4 40. Rd3 Kf7 41.
Rxd4 Rc3 42. Rd3 Rc4+ 43. Kf3 Rc5 44. Re3 Ra5 45. Kg3 Kg6 46. h4 gxh4+ 47. Kxh4
Rb5 48. Re4 Ra5 49. Re2 Rb5 50. Re4 Ra5 51. g5 Ra1 52. Rf4 Rh1+ 53. Kg4 Rg1+
54. Kh4 Rh1+ 55. Kg3 Kxg5 56. Rf6 Re1 57. Rxe6 Kf5 1/2-1/2

[Event "C.to Italiano di Categoria C"]
[Site "Civitanova Marche ITA"]
[Date "2012.07.20"]
[Round "6"]
[White "Capossela, Fabio"]
[Black "Faini, Ivano"]
[WhiteElo "1693"]
[BlackElo "1631"]
[Result "0-1"]
[PlyCount "66"]
[EventDate "2012.07.15"]

1. d4 e5 2. e4 exd4 3. Nf3 c5 4. Bc4 Be7 5. Ne5 Nh6 6. Bxh6 gxh6 7. Bxf7+ Kf8
8. Qf3 Bf6 9. Bd5 Qa5+ 10. Nd2 Ke7 11. Nec4 Qc7 12. Qh5 Qf4 13. g3 Qg5 14. Qe2
d6 15. f4 Qg4 16. Nf3 Nd7 17. e5 dxe5 18. fxe5 Bg5 19. Nd6 Rb8 20. Rd1 Rf8 21.
b4 Be3 22. Nc4 Bg5 23. bxc5 Nxc5 24. Rxd4 Qh5 25. O-O Bg4 26. Ne3 Bh3 27. Rf2
Ne6 28. Rb4 b6 29. Be4 Rf7 30. Nd5+ Kf8 31. Nxg5 Qxe2 32. Nxe6+ Kg8 33. Bxh7+
Kh8 0-1

[Event "C.to Italiano di Categoria C"]
[Site "Civitanova Marche ITA"]
[Date "2012.07.20"]
[Round "6"]
[White "Cautiero, Pietro"]
[Black "Jones, Alessandro"]
[WhiteElo "1701"]
[BlackElo "1966"]
[Result "0-1"]
[PlyCount "92"]
[EventDate "2012.07.15"]

1. Nf3 d5 2. g3 Nf6 3. Bg2 c5 4. O-O Nc6 5. d3 e5 6. Nbd2 Be7 7. Re1 O-O 8. c3
Be6 9. Qc2 b5 10. a3 Rc8 11. e4 d4 12. c4 bxc4 13. Nxc4 Nd7 14. Bd2 f6 15. Reb1
Nb6 16. b3 Qd7 17. Ne1 Rc7 18. f4 Rb8 19. f5 Bf7 20. g4 Nxc4 21. bxc4 Rcb7 22.
Rxb7 Qxb7 23. Ra2 Bd8 24. Nf3 Ba5 25. h4 Qb3 26. Qxb3 Rxb3 27. Bxa5 Nxa5 28.
Ne1 Rb1 29. Kf2 Nb3 30. Bf3 Be8 31. a4 Nc1 32. Ra3 Rb2+ 33. Kg3 a5 34. Ra1 Na2
35. Bd1 Nc3 36. Bc2 Rb4 37. g5 Bxa4 38. Bxa4 Rxa4 39. Rxa4 Nxa4 40. Kf3 Nc3 41.
Nc2 Kf7 42. Na3 a4 43. Kf2 Ke7 44. Ke1 Kd7 45. Kd2 Kc6 46. Kc2 Kb6 0-1

[Event "C.to Italiano di Categoria C"]
[Site "Civitanova Marche ITA"]
[Date "2012.07.20"]
[Round "6"]
[White "Danese, Aldo"]
[Black "Di Mantino, Mauro"]
[WhiteElo "1864"]
[BlackElo "1962"]
[Result "0-1"]
[PlyCount "53"]
[EventDate "2012.07.15"]

1. b3 Nf6 2. Bb2 g6 3. e3 Bg7 4. d4 O-O 5. Bd3 d6 6. Ne2 e5 7. c3 e4 8. Bc2 d5
9. Na3 Re8 10. c4 Nc6 11. Qd2 Bf8 12. c5 a5 13. Nb5 Nb4 14. Nc1 c6 15. Nc3
Nxc2+ 16. Qxc2 b6 17. Na4 b5 18. Nb6 Ra7 19. Nxc8 Qxc8 20. h3 b4 21. Ne2 Qa6
22. O-O Bh6 23. Rfd1 Nh5 24. a3 bxa3 25. Rxa3 Rb8 26. Bc3 Qb5 27. Bd2 0-1

[Event "C.to Italiano di Categoria C"]
[Site "Civitanova Marche ITA"]
[Date "2012.07.20"]
[Round "6"]
[White "Fasiello, Andrea"]
[Black "Ricci, Alessio"]
[WhiteElo "1939"]
[BlackElo "1918"]
[Result "1-0"]
[PlyCount "159"]
[EventDate "2012.07.15"]

1. e4 Nc6 2. Nc3 e5 3. Nf3 Nf6 4. h3 Bc5 5. Bc4 O-O 6. d3 h6 7. O-O d6 8. Be3
Bb6 9. Re1 Be6 10. Bb3 Re8 11. Ba4 Bd7 12. a3 Nd4 13. Bxd7 Nxd7 14. Bxd4 exd4
15. Ne2 Qf6 16. Ng3 g6 17. Qd2 Kh7 18. Nh2 c5 19. Ng4 Qh4 20. Qf4 Kg7 21. Qxd6
Rad8 22. Qf4 Ne5 23. Ne2 Nxg4 24. Qxg4 Qxg4 25. hxg4 Bc7 26. f3 Re6 27. Rf1 a5
28. a4 Rb6 29. b3 Rb4 30. f4 f6 31. Rae1 b5 32. axb5 Rxb5 33. Ng3 Re8 34. Ra1
Rb4 35. Kh2 Ra8 36. Ne2 Bd6 37. Ra2 Bc7 38. Rfa1 Rab8 39. Kg3 Re8 40. Kf3 Kf7
41. Ng3 Ra8 42. Nf1 Rb7 43. Nd2 Rh8 44. Nc4 Ra7 45. Ra4 Rha8 46. e5 fxe5 47.
fxe5 Ke6 48. Rh1 Rh8 49. Ke4 Bd8 50. Rha1 Bg5 51. Rf1 Rha8 52. Nb6 Rd8 53. Rf3
Ra6 54. Nc4 Ra7 55. Rxa5 Rxa5 56. Nxa5 Ra8 57. Nb7 Rc8 58. Rf1 Rc7 59. Nd6 Ra7
60. Ne8 Rf7 61. Rxf7 Kxf7 62. Nd6+ Ke6 63. Nb5 Bd8 64. Na7 Bc7 65. Nc6 h5 66.
b4 cxb4 67. Nxb4 Bxe5 68. Nc6 Bg7 69. Nxd4+ Kf6 70. Nf3 Ke6 71. d4 Bf6 72. c4
Kd6 73. c5+ Kc6 74. Ne5+ Kc7 75. d5 h4 76. d6+ Kd8 77. c6 Kc8 78. Kd5 Bd8 79.
Nxg6 h3 80. gxh3 1-0

[Event "C.to Italiano di Categoria C"]
[Site "Civitanova Marche ITA"]
[Date "2012.07.20"]
[Round "6"]
[White "Gobbo, Francesco"]
[Black "Gorgoglione, Enrico"]
[WhiteElo "1982"]
[BlackElo "1956"]
[Result "0-1"]
[PlyCount "80"]
[EventDate "2012.07.15"]

1. d4 c5 2. d5 d6 3. Nf3 e5 4. c4 f5 5. g3 Nf6 6. Nc3 Be7 7. Bg2 O-O 8. O-O h6
9. Qc2 Nh7 10. e4 g5 11. exf5 Bxf5 12. Ne4 Nd7 13. Nfd2 Qe8 14. Qd1 Ndf6 15. f4
Qg6 16. Nxf6+ Bxf6 17. fxe5 Bxe5 18. Nf3 Bg7 19. Qb3 b6 20. Bd2 Bc2 21. Qb5 Qe8
22. Ne1 Bd4+ 23. Kh1 Rxf1+ 24. Bxf1 Be4+ 25. Bg2 Bxg2+ 26. Nxg2 Qxb5 27. cxb5
Bxb2 28. Re1 Be5 29. Ne3 Nf8 30. Nc4 Nd7 31. a4 a6 32. Nxe5 Nxe5 33. Bc3 axb5
34. axb5 Re8 35. Kg2 Kf7 36. Ra1 Nc4 37. Ra4 Ne3+ 38. Kf3 g4+ 39. Ke2 Nxd5+ 40.
Kd2 Re2+ 0-1

[Event "C.to Italiano di Categoria C"]
[Site "Civitanova Marche ITA"]
[Date "2012.07.20"]
[Round "6"]
[White "Maddaloni, Giovanni"]
[Black "Catalano, Luigi"]
[WhiteElo "1755"]
[BlackElo "1690"]
[Result "1-0"]
[PlyCount "87"]
[EventDate "2012.07.15"]

1. e4 e6 2. d4 d6 3. Nf3 h6 4. c4 b6 5. Nc3 Nd7 6. Be2 Bb7 7. O-O a6 8. Re1 c5
9. Bd3 Qc7 10. d5 e5 11. Qe2 g5 12. Be3 Ne7 13. a4 Ng6 14. Rad1 Nf4 15. Bxf4
gxf4 16. Nh4 Nf6 17. Nf5 O-O-O 18. Rb1 Kb8 19. b4 Ka7 20. bxc5 dxc5 21. Rb3 Rb8
22. Reb1 Bc8 23. Qc2 Qd8 24. a5 Nd7 25. axb6+ Rxb6 26. Rxb6 Nxb6 27. Qb3 Bd7
28. d6 Bc6 29. Nd5 Nd7 30. Nfe7 Ba8 31. Be2 Qb8 32. Bg4 Qxb3 33. Rxb3 Nb8 34.
d7 Bxe7 35. Nxe7 Bxe4 36. Nc8+ Ka8 37. Nd6 Bg6 38. Ne8 f5 39. Rxb8+ Kxb8 40.
d8=Q+ Ka7 41. Qc7+ Ka8 42. Qc6+ Ka7 43. Qxg6 Rxe8 44. Qxe8 1-0

[Event "C.to Italiano di Categoria C"]
[Site "Civitanova Marche ITA"]
[Date "2012.07.20"]
[Round "6"]
[White "Mircoli, Filippo"]
[Black "Rubini, Alessandro"]
[WhiteElo "1688"]
[BlackElo "1917"]
[Result "0-1"]
[PlyCount "90"]
[EventDate "2012.07.15"]

1. e4 c5 2. Nf3 e6 3. d4 cxd4 4. Nxd4 a6 5. Nc3 Qc7 6. Be2 Bb4 7. Bd2 Nf6 8.
Bd3 Nc6 9. Nxc6 bxc6 10. O-O Bc5 11. Kh1 O-O 12. f4 d5 13. e5 Nd7 14. Qh5 g6
15. Qh6 Rd8 16. h4 Bf8 17. Qg5 Nc5 18. Be2 d4 19. h5 dxc3 20. hxg6 fxg6 21.
Bxc3 Ne4 22. Qg4 Nxc3 23. bxc3 Kh8 24. Rf3 Qf7 25. Bd3 a5 26. Rh3 Kg8 27. Bc4
Re8 28. Rf1 Ba6 29. f5 Bxc4 30. Qxc4 exf5 31. Qxc6 Qe6 32. Qb7 Qe7 33. Qd5+ Qf7
34. Qc6 Rec8 35. Qa4 Qc4 36. Qxc4+ Rxc4 37. Rd3 Re4 38. Rd5 Bg7 39. e6 Bxc3 40.
Rd7 Rxe6 41. Rf3 Re1+ 42. Kh2 Be5+ 43. g3 Re2+ 44. Kg1 Rb8 45. Rb3 Rxb3 0-1

[Event "C.to Italiano di Categoria C"]
[Site "Civitanova Marche ITA"]
[Date "2012.07.20"]
[Round "6"]
[White "Mombelli, Antonio"]
[Black "De Fazio, Giovanni"]
[WhiteElo "1808"]
[BlackElo "1756"]
[Result "1/2-1/2"]
[PlyCount "77"]
[EventDate "2012.07.15"]

1. e4 d5 2. exd5 Nf6 3. d4 Nxd5 4. c4 Nb6 5. Nc3 e5 6. d5 c6 7. Nf3 cxd5 8.
cxd5 Bb4 9. Bb5+ Bd7 10. Bxd7+ Qxd7 11. O-O Bxc3 12. bxc3 Qxd5 13. Nxe5 O-O 14.
Bf4 Na6 15. Qb3 Nc5 16. Qc2 Qe4 17. Qxe4 Nxe4 18. c4 Rac8 19. Rfe1 Nc5 20. Be3
f6 21. Nf3 Nxc4 22. Bf4 Nd3 23. Re4 Nxf4 24. Rxf4 Rfe8 25. Kf1 h6 26. g3 Kf7
27. Rd4 Rc7 28. Rad1 g5 29. h4 Ne5 30. Nxe5+ Rxe5 31. hxg5 hxg5 32. R1d2 a6 33.
a4 b5 34. axb5 axb5 35. Rb2 Ke6 36. Rd8 g4 37. Re8+ Re7 38. Rb8 Rc7 39. Re8+
1/2-1/2

[Event "C.to Italiano di Categoria C"]
[Site "Civitanova Marche ITA"]
[Date "2012.07.20"]
[Round "6"]
[White "Occhipinti, Giuseppe"]
[Black "Faini, Marco"]
[WhiteElo "1971"]
[BlackElo "1908"]
[Result "1/2-1/2"]
[PlyCount "126"]
[EventDate "2012.07.15"]

1. e4 c5 2. Nf3 d6 3. d4 cxd4 4. Nxd4 Nf6 5. Nc3 a6 6. Be3 e5 7. Nb3 Be7 8. f3
Be6 9. Nd5 Nxd5 10. exd5 Bf5 11. Bd3 Bxd3 12. Qxd3 Bg5 13. Bf2 Nd7 14. O-O O-O
15. Nd2 Bxd2 16. Qxd2 Rc8 17. Rfc1 f5 18. Qd3 Qf6 19. Rf1 Rc7 20. c4 Rfc8 21.
b3 g5 22. Rad1 h5 23. h3 f4 24. Rc1 Kg7 25. b4 Qg6 26. Qe2 Qf5 27. Rc2 Nf6 28.
Bb6 Rd7 29. Rfc1 e4 30. fxe4 Qxe4 31. Qxe4 Nxe4 32. Re1 Ng3 33. Re6 Nf5 34. Kf2
h4 35. Kf3 Re7 36. Rxe7+ Nxe7 37. Re2 Kf7 38. Re4 Ng8 39. c5 Nf6 40. Re6 dxc5
41. Bxc5 Re8 42. Rb6 Nxd5 43. Rxb7+ Ke6 44. Ra7 Kf5 45. Rxa6 Re1 46. b5 Rb1 47.
b6 Rb5 48. Bf2 Ne7 49. Ra7 Nc6 50. Rc7 Ne5+ 51. Ke2 Rb2+ 52. Kf1 Rb1+ 53. Be1
Nd3 54. Re7 Nxe1 55. Rxe1 Rxb6 56. a4 Ra6 57. Ra1 Ra5 58. Kf2 Ke4 59. Ra3 Ke5
60. Kf3 Kf5 61. Ra1 Ke5 62. Kg4 Kf6 63. Kf3 Kf5 1/2-1/2

[Event "C.to Italiano di Categoria C"]
[Site "Civitanova Marche ITA"]
[Date "2012.07.20"]
[Round "6"]
[White "Piana, Ricardo"]
[Black "Falchi, Claudio"]
[WhiteElo "1808"]
[BlackElo "1849"]
[Result "1-0"]
[PlyCount "103"]
[EventDate "2012.07.15"]

1. e4 e6 2. d4 d5 3. e5 c5 4. Nf3 Qb6 5. Bd3 cxd4 6. O-O Ne7 7. Re1 Ng6 8. Nbd2
Bb4 9. a3 Bxd2 10. Bxd2 O-O 11. Ng5 h6 12. Nxf7 Rxf7 13. Bxg6 Rf8 14. Qg4 Nc6
15. Bd3 Kf7 16. Qg6+ Ke7 17. Qxg7+ Rf7 18. Qg8 Bd7 19. Qxa8 Rf8 20. Qxf8+ Kxf8
21. Bxh6+ Ke7 22. Bd2 Qc7 23. Bg5+ Kf7 24. f4 Na5 25. b3 Qc3 26. Rab1 Nxb3 27.
Red1 Nc5 28. h4 a6 29. h5 Nxd3 30. cxd3 Bc6 31. a4 Qc2 32. a5 Qe2 33. h6 Kg6
34. Kh2 Bb5 35. Rdc1 Bxd3 36. Rxb7 Be4 37. Rg7+ Kh5 38. Rg1 d3 39. h7 Bxh7 40.
Rxh7+ Kg6 41. Rh6+ Kf5 42. Rf6+ Ke4 43. Rxe6 d2 44. Rb6 d1=Q 45. Rxd1 Qxd1 46.
e6 d4 47. e7 Qh5+ 48. Kg3 d3 49. Re6+ Kd5 50. e8=Q Qxe8 51. Rxe8 d2 52. Rd8+
1-0

[Event "C.to Italiano di Categoria C"]
[Site "Civitanova Marche ITA"]
[Date "2012.07.20"]
[Round "6"]
[White "Santeramo, Alessia Carmen"]
[Black "Antonelli, Alessandro"]
[WhiteElo "1834"]
[BlackElo "1973"]
[Result "1-0"]
[PlyCount "71"]
[EventDate "2012.07.15"]

1. e4 d5 2. exd5 Qxd5 3. Nc3 Qa5 4. Bc4 c6 5. Nf3 Nf6 6. O-O Bf5 7. d3 e6 8.
Re1 Nbd7 9. Bd2 Qc7 10. Nd4 O-O-O 11. Nxf5 exf5 12. Qf3 Bd6 13. h3 f4 14. d4 g5
15. Bxf7 h5 16. Ne4 Nxe4 17. Qxe4 g4 18. h4 f3 19. Re3 Bh2+ 20. Kh1 fxg2+ 21.
Qxg2 Bf4 22. Rd1 Bxe3 23. Bxe3 Nf6 24. Be6+ Kb8 25. Bg5 Rhf8 26. c4 Rde8 27. d5
cxd5 28. cxd5 Qe5 29. Qg3 Qxg3 30. fxg3 Ne4 31. Bf4+ Ka8 32. Rd4 Nc5 33. Bd6
Nxe6 34. dxe6 Rf2 35. e7 Rxb2 36. Bc5 1-0

[Event "C.to Italiano di Categoria C"]
[Site "Civitanova Marche ITA"]
[Date "2012.07.20"]
[Round "6"]
[White "Serafini, Gino"]
[Black "Nassetti, Francesco"]
[WhiteElo "1849"]
[BlackElo "1843"]
[Result "1-0"]
[PlyCount "95"]
[EventDate "2012.07.15"]

1. Nf3 Nf6 2. d4 g6 3. Bf4 Bg7 4. e3 O-O 5. h3 d6 6. Nbd2 b6 7. Be2 Bb7 8. O-O
Nbd7 9. Bg3 Qe8 10. Re1 Ne4 11. Nxe4 Bxe4 12. Nd2 f5 13. Nxe4 fxe4 14. c3 c6
15. a4 Kh8 16. Qc2 Nf6 17. a5 Qd8 18. a6 Qd7 19. Rad1 Qf5 20. Rf1 Bh6 21. b4
Nd5 22. Qb2 Qg5 23. Kh2 Bg7 24. c4 Nf6 25. Qc2 h5 26. Kg1 h4 27. Bf4 Qf5 28. f3
Qe6 29. fxe4 Nh5 30. Bg4 Qf6 31. e5 dxe5 32. Bxe5 Qg5 33. Bxg7+ Kxg7 34. Qd3
Rf6 35. Bxh5 Qxh5 36. Qe4 Re8 37. Rde1 Qg5 38. Rxf6 Qxf6 39. Rf1 Qg5 40. Rf4
Rf8 41. Rxh4 Qg3 42. Rg4 Qf2+ 43. Kh2 Qf6 44. Rf4 Qd6 45. c5 bxc5 46. bxc5 Qc7
47. g3 Rb8 48. Rg4 1-0

[Event "C.to Italiano di Categoria C"]
[Site "Civitanova Marche ITA"]
[Date "2012.07.20"]
[Round "6"]
[White "Spano' Cuomo, Gaetano"]
[Black "Quattrini, Massimo"]
[WhiteElo "1781"]
[BlackElo "1944"]
[Result "1/2-1/2"]
[PlyCount "98"]
[EventDate "2012.07.15"]

1. c4 Nf6 2. d4 g6 3. Nf3 Bg7 4. Nc3 d5 5. e3 O-O 6. Be2 c5 7. dxc5 Qa5 8. O-O
dxc4 9. Bxc4 Qxc5 10. Qe2 Nc6 11. a3 Bg4 12. b4 Bxf3 13. gxf3 Qh5 14. f4 Qxe2
15. Nxe2 Ne4 16. Rb1 Rfd8 17. Ng3 Nc3 18. Rb3 b5 19. Be2 Nxe2+ 20. Nxe2 Rac8
21. Bb2 Rd2 22. Bxg7 Kxg7 23. Nc3 Rd3 24. Rd1 Rxd1+ 25. Nxd1 e5 26. fxe5 Nxe5
27. Nc3 a6 28. Ne4 Rc1+ 29. Kg2 Rc2 30. Kg3 h5 31. f4 Ng4 32. h3 Nh6 33. Rc3
Nf5+ 34. Kf3 Rxc3 35. Nxc3 Nd6 36. a4 f5 37. axb5 Nxb5 38. Nxb5 axb5 39. e4
fxe4+ 40. Kxe4 Kf6 41. Kd5 g5 42. fxg5+ Kxg5 43. Kc5 Kh4 44. Kxb5 Kxh3 45. Kc4
Kg2 46. b5 h4 47. b6 h3 48. b7 h2 49. b8=Q h1=Q 1/2-1/2

[Event "C.to Italiano di Categoria C"]
[Site "Civitanova Marche ITA"]
[Date "2012.07.20"]
[Round "6"]
[White "Tagliaferri, Valerio"]
[Black "Mastroddi, Giuseppe"]
[WhiteElo "1837"]
[BlackElo "1684"]
[Result "1-0"]
[PlyCount "65"]
[EventDate "2012.07.15"]

1. e4 c5 2. Nf3 d6 3. Bb5+ Bd7 4. Bxd7+ Qxd7 5. c4 Nf6 6. Nc3 g6 7. d4 cxd4 8.
Nxd4 Bg7 9. O-O O-O 10. f3 Nc6 11. Be3 Nxd4 12. Bxd4 a6 13. a4 Rfc8 14. b3 e6
15. Ra2 Ne8 16. Bxg7 Kxg7 17. Qa1 Kg8 18. Rd1 Qc7 19. Kh1 Rd8 20. Rd3 Qb6 21.
Qd1 Rac8 22. Rad2 Rc5 23. f4 Rc6 24. e5 f5 25. Ne2 Qb4 26. Nd4 Rb6 27. Nxe6 Rd7
28. c5 Rc6 29. exd6 Kf7 30. Ng5+ Kg7 31. Qe2 Nf6 32. Qe5 Kh6 33. Qxf6 1-0

[Event "C.to Italiano di Categoria C"]
[Site "Civitanova Marche ITA"]
[Date "2012.07.20"]
[Round "6"]
[White "Tortolini, Francesco"]
[Black "Della Sala, Bruno"]
[WhiteElo "1895"]
[BlackElo "1826"]
[Result "1/2-1/2"]
[PlyCount "114"]
[EventDate "2012.07.15"]

1. e4 e5 2. Nf3 Nc6 3. Bc4 Nf6 4. Nc3 Nxe4 5. Nxe4 d5 6. Bd3 dxe4 7. Bxe4 Bd6
8. O-O O-O 9. c3 Bg4 10. h3 Bh5 11. Qc2 Bg6 12. Bxg6 hxg6 13. d3 Re8 14. Re1
Qd7 15. Ng5 Rad8 16. Be3 Be7 17. Rad1 Qd5 18. a4 f6 19. Nf3 a5 20. Bc1 Bc5 21.
d4 exd4 22. Rxe8+ Rxe8 23. Qxg6 Qf7 24. Qxf7+ Kxf7 25. cxd4 Nxd4 26. Nxd4 Bxd4
27. Kf1 Be5 28. b3 Bd6 29. Bd2 b6 30. Be3 f5 31. Bxb6 Re5 32. f3 cxb6 33. Rxd6
b5 34. Rd3 bxa4 35. bxa4 Rc5 36. Rd4 g5 37. h4 gxh4 38. Rxh4 Kg6 39. Rd4 Kg5
40. g4 Rc3 41. Kf2 fxg4 42. fxg4 Ra3 43. Re4 Rb3 44. Ke2 Rg3 45. Kd2 Rxg4 46.
Re5+ Kf6 47. Rxa5 Ke6 48. Kc3 Kd6 49. Kb3 Kc7 50. Rb5 Kc6 51. Rh5 Kb6 52. Rh6+
Ka5 53. Rh5+ Ka6 54. Rh6+ Ka5 55. Rh5+ Ka6 56. Rh8 Rf4 57. Ra8+ Kb7 1/2-1/2

[Event "C.to Italiano di Categoria C"]
[Site "Civitanova Marche ITA"]
[Date "2012.07.20"]
[Round "6"]
[White "Vilona, Leonardo"]
[Black "Piergentili, Roberto"]
[WhiteElo "1806"]
[BlackElo "1713"]
[Result "1-0"]
[PlyCount "77"]
[EventDate "2012.07.15"]

1. g3 d5 2. d4 Nf6 3. Bg2 c6 4. Nf3 e6 5. O-O Nbd7 6. c4 Bd6 7. Nc3 a6 8. c5
Bc7 9. b4 e5 10. e3 e4 11. Nd2 h5 12. f3 exf3 13. Nxf3 Nf8 14. e4 dxe4 15. Ng5
Ne6 16. Nxe6 Bxe6 17. Bg5 Qd7 18. Bxf6 gxf6 19. Nxe4 O-O-O 20. d5 cxd5 21. Nxf6
Qc6 22. Nxh5 Rh6 23. Nf4 Be5 24. Rb1 Kb8 25. Qd3 Rdh8 26. Nxe6 fxe6 27. Rbe1
Bc7 28. h4 Qd7 29. Re3 Qg7 30. Rb1 Rg8 31. Rb3 Rxh4 32. b5 axb5 33. Qxb5 Bxg3
34. Rxg3 Qd4+ 35. Rge3 Qd1+ 36. Qf1 Rxg2+ 37. Kxg2 Rg4+ 38. Rg3 Rxg3+ 39. Rxg3
1-0

[Event "C.to Italiano di Categoria C"]
[Site "Civitanova Marche ITA"]
[Date "2012.07.21"]
[Round "7"]
[White "Antonelli, Alessandro"]
[Black "Mombelli, Antonio"]
[WhiteElo "1973"]
[BlackElo "1808"]
[Result "1/2-1/2"]
[PlyCount "72"]
[EventDate "2012.07.15"]

1. d4 d5 2. c4 e6 3. Nc3 c6 4. Nf3 Nf6 5. e3 Nbd7 6. Bd3 dxc4 7. Bxc4 b5 8. Bd3
Bd6 9. O-O O-O 10. Bd2 Bb7 11. Rc1 a6 12. a3 Re8 13. Ng5 h6 14. Nge4 Be7 15.
Nxf6+ Nxf6 16. Ne4 Nd7 17. Bb1 c5 18. dxc5 Ne5 19. Qe2 Nc4 20. Bc3 Qc7 21. Qg4
e5 22. Nd6 Bxd6 23. cxd6 Qxd6 24. Be4 Bxe4 25. Qxe4 Nd2 26. Bxd2 Qxd2 27. Rc2
Qa5 28. Rfc1 Rad8 29. g3 Rd2 30. Rc8 Rdd8 31. Rxd8 Qxd8 32. Qc6 Re6 33. Qb7 Qf6
34. Qe4 g6 35. Rc8+ Kg7 36. Rc5 h5 1/2-1/2

[Event "C.to Italiano di Categoria C"]
[Site "Civitanova Marche ITA"]
[Date "2012.07.21"]
[Round "7"]
[White "Catalano, Luigi"]
[Black "Cautiero, Pietro"]
[WhiteElo "1690"]
[BlackElo "1701"]
[Result "1-0"]
[PlyCount "79"]
[EventDate "2012.07.15"]

1. g3 c5 2. Bg2 e6 3. f4 d5 4. Nf3 Nc6 5. O-O Nf6 6. d3 Qb6 7. Kh1 Bd6 8. a4
O-O 9. Nc3 a6 10. b3 e5 11. fxe5 Nxe5 12. Rb1 h6 13. Nxe5 Bxe5 14. Nxd5 Nxd5
15. Bxd5 Bg4 16. Be3 Rae8 17. Bg1 Qd6 18. Bf3 Bh3 19. Bxb7 Bxf1 20. Qxf1 Re6
21. Qf3 Rd8 22. Qg2 Qc7 23. c4 Rb6 24. Bd5 Rdb8 25. Qf3 Rxb3 26. Rxb3 Rxb3 27.
Bxc5 Rb1+ 28. Kg2 Bf6 29. Be3 Qe7 30. a5 Rb2 31. Kf2 Ra2 32. Bb6 Ra1 33. Bb7
Qb4 34. Kg2 Rxa5 35. Bxa5 Qxa5 36. Qc6 Qe1 37. Qe8+ Kh7 38. Be4+ g6 39. Qxf7+
Bg7 40. Bxg6+ 1-0

[Event "C.to Italiano di Categoria C"]
[Site "Civitanova Marche ITA"]
[Date "2012.07.21"]
[Round "7"]
[White "De Fazio, Giovanni"]
[Black "Danese, Aldo"]
[WhiteElo "1756"]
[BlackElo "1864"]
[Result "0-1"]
[PlyCount "63"]
[EventDate "2012.07.15"]

1. e4 g6 2. d4 d6 3. Nf3 Bg7 4. Be2 Nf6 5. Nc3 O-O 6. O-O Bg4 7. Bg5 c6 8. Rc1
Re8 9. h3 Bxf3 10. gxf3 Qc7 11. Qd2 Nbd7 12. Bh6 Nf8 13. Bxg7 Kxg7 14. Kh1 Qd7
15. Kh2 h6 16. Rg1 N6h7 17. f4 b5 18. Bf3 Rad8 19. Ne2 e5 20. f5 Ng5 21. Rxg5
hxg5 22. Qxg5 Nh7 23. Qg2 Qe7 24. Ng3 Kh8 25. Rg1 Rg8 26. Kh1 Qh4 27. Qh2 Qf4
28. dxe5 Qxf3+ 29. Rg2 dxe5 30. Nf1 f6 31. fxg6 Rxg6 32. Ng3 0-1

[Event "C.to Italiano di Categoria C"]
[Site "Civitanova Marche ITA"]
[Date "2012.07.21"]
[Round "7"]
[White "Della Sala, Bruno"]
[Black "Fasiello, Andrea"]
[WhiteElo "1826"]
[BlackElo "1939"]
[Result "1/2-1/2"]
[PlyCount "100"]
[EventDate "2012.07.15"]

1. d4 d5 2. c4 e6 3. Nc3 Nf6 4. cxd5 exd5 5. Bg5 Nbd7 6. e3 Be7 7. Bd3 O-O 8.
Nge2 Re8 9. Qc2 a6 10. O-O h6 11. Bh4 c6 12. f3 c5 13. Bf2 b5 14. dxc5 Nxc5 15.
Nd4 Nxd3 16. Qxd3 Bb7 17. Rac1 Rc8 18. Nce2 Qd7 19. Qf5 g6 20. Qxd7 Nxd7 21.
Rxc8 Rxc8 22. Rc1 Rxc1+ 23. Nxc1 Ne5 24. b3 Ba3 25. Nce2 Nd3 26. Nf4 Nb4 27.
Be1 Nxa2 28. Nc2 Bb2 29. Nd3 Bf6 30. Nc5 Bc8 31. Kf2 Be7 32. b4 a5 33. Nd3 Bf5
34. Ke2 Bxd3+ 35. Kxd3 Nxb4+ 36. Bxb4 axb4 37. Nd4 Kg7 38. Nxb5 Kf6 39. Kd4 b3
40. Kc3 Bc5 41. Nd4 Ke5 42. Ne2 Bxe3 43. Kxb3 h5 44. Kc3 h4 45. Kd3 Bb6 46. Kc3
g5 47. Kd3 f5 48. Kc3 g4 49. h3 gxh3 50. gxh3 d4+ 1/2-1/2

[Event "C.to Italiano di Categoria C"]
[Site "Civitanova Marche ITA"]
[Date "2012.07.21"]
[Round "7"]
[White "Di Mantino, Mauro"]
[Black "Santeramo, Alessia Carmen"]
[WhiteElo "1962"]
[BlackElo "1834"]
[Result "1/2-1/2"]
[PlyCount "61"]
[EventDate "2012.07.15"]

1. Nf3 c5 2. b3 d5 3. Bb2 Nf6 4. e3 Nc6 5. Bb5 Bg4 6. h3 Bxf3 7. Qxf3 e6 8.
Bxc6+ bxc6 9. d3 Be7 10. Nd2 O-O 11. O-O a5 12. a4 Rb8 13. Qe2 Nd7 14. e4 Qc7
15. f4 Rfe8 16. Rae1 Bf6 17. e5 Bh4 18. Rd1 f5 19. exf6 Bxf6 20. Bxf6 Nxf6 21.
Rde1 Re7 22. g4 Rbe8 23. g5 Nd7 24. Qg4 Nf8 25. Nf3 Ng6 26. Ne5 Nxe5 27. Rxe5
Qb6 28. Kg2 Qb4 29. Rfe1 g6 30. R1e2 Kg7 31. Kg3 1/2-1/2

[Event "C.to Italiano di Categoria C"]
[Site "Civitanova Marche ITA"]
[Date "2012.07.21"]
[Round "7"]
[White "Faini, Ivano"]
[Black "Benenati, Gianfranco"]
[WhiteElo "1631"]
[BlackElo "1916"]
[Result "0-1"]
[PlyCount "82"]
[EventDate "2012.07.15"]

1. c4 Nf6 2. g3 g6 3. Bg2 Bg7 4. e4 d6 5. Ne2 O-O 6. O-O e5 7. d3 Nc6 8. Nbc3
h6 9. h3 Be6 10. Rb1 a5 11. Be3 Kh7 12. Qd2 Ng8 13. Nd5 f5 14. f4 fxe4 15. dxe4
Bxd5 16. cxd5 Nce7 17. Rbc1 Qd7 18. b3 b6 19. Rc2 Rac8 20. Rfc1 h5 21. Kh2 Nh6
22. Qd3 Bf6 23. fxe5 Bxe5 24. Bf4 Nf7 25. Qa6 g5 26. Be3 h4 27. Qb7 Qb5 28. Bd4
Ng6 29. Bxe5 Ngxe5 30. Nd4 Qd3 31. Ne6 Qxg3+ 32. Kh1 Nf3 33. Nxf8+ Kg8 34. Bxf3
Qxf3+ 35. Rg2 Qxh3+ 36. Rh2 Qf3+ 37. Kg1 Qe3+ 38. Rf2 Qxc1+ 39. Kg2 Rxf8 40.
Qa6 Qe3 41. Qc4 Qxf2+ 0-1

[Event "C.to Italiano di Categoria C"]
[Site "Civitanova Marche ITA"]
[Date "2012.07.21"]
[Round "7"]
[White "Faini, Marco"]
[Black "Gobbo, Francesco"]
[WhiteElo "1908"]
[BlackElo "1982"]
[Result "1/2-1/2"]
[PlyCount "108"]
[EventDate "2012.07.15"]

1. c4 c5 2. g3 Nc6 3. Bg2 g6 4. Nc3 Bg7 5. e4 e5 6. d3 d6 7. Nge2 Nge7 8. h3
O-O 9. O-O Be6 10. Kh2 Nd4 11. Nxd4 exd4 12. Nd5 Nc6 13. f4 f5 14. exf5 Bxf5
15. g4 Be6 16. Bd2 Rc8 17. Be4 Qd7 18. Be1 Rf7 19. Bg3 Rcf8 20. Qe2 Ne7 21. Qg2
Kh8 22. a4 Bh6 23. b3 Bxd5 24. Bxd5 Nxd5 25. Qxd5 Bxf4 26. Bxf4 Rxf4 27. Rxf4
Rxf4 28. Re1 Kg7 29. Kg3 Qf7 30. Qxd6 Rf3+ 31. Kg2 Rf2+ 32. Kg1 Qf3 33. Re7+
Kh6 34. g5+ Kxg5 35. Qe5+ Qf5 36. Qg3+ Kf6 37. Rxh7 Rf3 38. Qd6+ Kg5 39. Qe7+
Qf6 40. h4+ Kg4 41. Qxf6 Rxf6 42. Rxb7 Rf3 43. Rxa7 Rxd3 44. Rc7 Rxb3 45. Kf2
Rb2+ 46. Ke1 Ra2 47. Rxc5 Kxh4 48. Rd5 Rxa4 49. Rxd4+ Kh3 50. Rd3+ Kg4 51. Rc3
Ra6 52. c5 Rc6 53. Kf2 Kf4 54. Rc4+ Ke5 1/2-1/2